000 00890nam a2200241 i 4500
001 13507
003 ES-MaACL
005 20230906150610.0
007 t|
008 980424s1995 sp ||||1| spa d
020 _a84-89114-02-1
080 _a73(460.27M.)
100 1 _aRivas, María José.
_997563
245 1 0 _aGuía del Museo de Escultura al Aire Libre de La Castellana /
_cMaría José Rivas, Eduardo Salas.
260 _aMadrid :
_bAyuntamiento, Concejalía de Cultura y Medio Ambiente :
_bMuseos Municipales,
_cD.L. 1995.
300 _a74 p. :
_bil ;
_c24 cm.
610 2 7 _aMuseo de Escultura al Aire Libre de la Castellana.
_95853
650 1 4 _aEscultura-
_zMadrid.
_912421
700 1 _aSalas, Eduardo.
_9101726
710 1 _aMadrid.
_bConcejalía de Cultura y Medio Ambiente.
_95576
710 2 _aMuseos Municipales (Madrid)
_95931
852 _aES-MaACL
_jL-20859
_bR.126527
999 _c13507
_d13507